Becoming Martian : how living in space will change ... Read More
Available copies
- 1 of 1 copy available at LARL/NWRL Consortium.
- 1 of 1 copy available at Lake Agassiz Regional Library. (Show preferred library)
Current holds
0 current holds with 1 total copy.
Show Only Available Copies
| Location | Call Number / Copy Notes | Barcode | Shelving Location | Status | Due Date |
|---|---|---|---|---|---|
| Detroit Lakes Public Library | 576.8 SOL (Text) | 33500014389001 | New | Available | - |
Record details
- ISBN: 9780262051514
- ISBN: 0262051516
- Physical Description: xiii, 250 pages, 16 unnumbered pages of plates : ... Read More
- Publisher: Cambridge : The MIT Press, [2026]
- Copyright: ©2026
Content descriptions
| Bibliography, etc. Note: | Includes bibliographical references (pages ... Read More |
| Formatted Contents Note: | Foreword / by Scott Kelly -- Introduction -- The ... Read More |
| Summary, etc.: | A nonfiction work examining the biological, ... Read More |
Search for related items by subject
| Genre: | Informational works. |
| LDR | 03403cam a22006977i 4500 | ||
|---|---|---|---|
| 001 | 486121 | ||
| 003 | LARL_NWRL_CONSORTIUM | ||
| 005 | 20260602202326.0 | ||
| 008 | 250728t20262026mauaf b 001 0 eng d | ||
| 007 | ta | ||
| 040 | . | ‡aUKMGB ‡beng ‡erda ‡cUKMGB ‡dOCLCO ‡dBRG ‡dOQX ‡dTMI ‡dOCLCO ‡dVTU ‡dOBE ‡dOCLCO ‡dLPU ‡dOCO ‡dOCLCO | |
| 015 | . | ‡aGBC5D3576 ‡2bnb | |
| 016 | 7 | . | ‡a300647337 ‡2Uk |
| 020 | . | ‡a9780262051514 ‡q(hardcover) | |
| 020 | . | ‡a0262051516 ‡q(hardcover) | |
| 024 | 8 | . | ‡aCIPO000317004 |
| 035 | . | ‡a(OCoLC)1520471895 | |
| 082 | 0 | 4. | ‡a576.8 ‡223 |
| 100 | 1 | . | ‡aSolomon, Scott, ‡eauthor. ‡1https://id.oclc.org/worldcat/entity/E39PCjM9pk8VVrFKMyQhP4xhVy ‡1https://isni.org/isni/0000000497899410 |
| 245 | 1 | 0. | ‡aBecoming Martian : ‡bhow living in space will change our bodies and minds / ‡cScott Solomon ; foreword by Scott Kelly. |
| 264 | 1. | ‡aCambridge : ‡bThe MIT Press, ‡c[2026] | |
| 264 | 4. | ‡c©2026 | |
| 300 | . | ‡axiii, 250 pages, 16 unnumbered pages of plates : ‡billustrations (some color) ; ‡c24 cm | |
| 336 | . | ‡atext ‡btxt ‡2rdacontent | |
| 336 | . | ‡astill image ‡bsti ‡2rdacontent | |
| 337 | . | ‡aunmediated ‡bn ‡2rdamedia | |
| 338 | . | ‡avolume ‡bnc ‡2rdacarrier | |
| 520 | . | ‡aA nonfiction work examining the biological, psychological, and evolutionary implications of long-term human habitation in space. The book draws on current scientific research to explore how space environments--such as microgravity, radiation exposure, and isolation--may affect the human body and mind. It considers potential outcomes for future generations born beyond Earth, as well as technological and ethical questions related to human adaptation and space settlement. The text incorporates perspectives from scientists and astronauts and situates the discussion within ongoing developments in space exploration. | |
| 505 | 0 | . | ‡aForeword / by Scott Kelly -- Introduction -- The red planet -- Into the new frontier -- Space medicine -- Space babies -- Martian minds -- Cosmic islands -- Our entourage -- The next humans. |
| 504 | . | ‡aIncludes bibliographical references (pages 215-233) and index. | |
| 650 | 0. | ‡aExobiology. ‡0(LARL_NWRL_CONSORTIUM)37761 | |
| 650 | 0. | ‡aExtraterrestrial anthropology. ‡0(LARL_NWRL_CONSORTIUM)19869 | |
| 650 | 0. | ‡aMacroevolution. ‡0(LARL_NWRL_CONSORTIUM)41435 | |
| 650 | 0. | ‡aSpace biology ‡xResearch. | |
| 650 | 0. | ‡aSpace colonies. ‡0(LARL_NWRL_CONSORTIUM)31612 | |
| 650 | 0. | ‡aSpace medicine. | |
| 650 | 0. | ‡aSpace flight ‡xPhysiological aspects. | |
| 650 | 0. | ‡aRadiation ‡xPhysiological effect. | |
| 650 | 0. | ‡aLife on other planets. ‡0(LARL_NWRL_CONSORTIUM)24569 | |
| 650 | 0. | ‡aHuman engineering ‡xMoral and ethical aspects. | |
| 655 | 7. | ‡aInformational works. ‡2lcgft | |
| 700 | 1 | . | ‡aKelly, Scott, ‡d1964- ‡ewriter of foreword. ‡1https://id.oclc.org/worldcat/entity/E39PBJjMvcRC7rPXygck36dPcP ‡0(LARL_NWRL_CONSORTIUM)221528 |
| 901 | . | ‡a486121 ‡bOCoLC ‡c486121 ‡tbiblio ‡sIngram On-Order | |

Add to basket
Permalink
Disable Highlighting